|
|
|
|
| LEADER |
00000cam a22000004a 4500 |
| 001 |
musev2_83092 |
| 003 |
MdBmJHUP |
| 005 |
20230905052532.0 |
| 006 |
m o d |
| 007 |
cr||||||||nn|n |
| 008 |
190416s1990 nju o 00 0 eng d |
| 020 |
|
|
|a 9780691228297
|
| 020 |
|
|
|z 9780691019048
|
| 035 |
|
|
|a (OCoLC)1273307186
|
| 040 |
|
|
|a MdBmJHUP
|c MdBmJHUP
|
| 041 |
1 |
|
|a eng
|h rus
|
| 100 |
1 |
|
|a Nabokov, Vladimir Vladimirovich,
|d 1899-1977,
|e author.
|
| 245 |
1 |
0 |
|a Eugene Onegin :
|b A Novel in Verse: Commentary (Vol. 2) /
|n II,
|p Commentary and index /
|c by Aleksandr Pushkin ; translated from the Russian, with a commentary, by Vladimir Nabokov.
|p Commentary and index /
|n II,
|
| 250 |
|
|
|a Second Princeton/Bollingen paperback edition.
|
| 264 |
|
1 |
|a [Princeton, N.J.] :
|b Princeton University Press,
|c 1990.
|
| 264 |
|
3 |
|a Baltimore, Md. :
|b Project MUSE,
|c 2021
|
| 264 |
|
4 |
|c ©1990.
|
| 300 |
|
|
|a 1 online resource (1056 pages).
|
| 336 |
|
|
|a text
|b txt
|2 rdacontent
|
| 337 |
|
|
|a computer
|b c
|2 rdamedia
|
| 338 |
|
|
|a online resource
|b cr
|2 rdacarrier
|
| 490 |
0 |
|
|a Bollingen series ;
|v LXXII
|
| 588 |
|
|
|a Description based on print version record.
|
| 600 |
1 |
0 |
|a Pushkin, Aleksandr Sergeevich,
|d 1799-1837.
|t Evgeniĭ Onegin.
|
| 630 |
0 |
7 |
|a Evgeniĭ Onegin (Pushkin, Aleksandr Sergeevich)
|2 fast
|0 (OCoLC)fst01357408
|
| 655 |
|
7 |
|a Electronic books.
|2 local
|
| 700 |
1 |
|
|i Commentary on (expression):
|a Pushkin, Aleksandr Sergeevich,
|d 1799-1837.
|t Evgeniĭ Onegin.
|l English
|s (Nabokov)
|
| 700 |
1 |
|
|i Commentary on (work):
|a Pushkin, Aleksandr Sergeevich,
|d 1799-1837.
|t Evgeniĭ Onegin.
|
| 710 |
2 |
|
|a Project Muse.
|e distributor
|
| 830 |
|
0 |
|a Book collections on Project MUSE.
|
| 856 |
4 |
0 |
|z Texto completo
|u https://projectmuse.uam.elogim.com/book/83092/
|
| 945 |
|
|
|a Project MUSE - Custom Collection
|